Länder mit 4000ern - Statistiken

Allgemein
  • Dieses Quiz wurde 169 mal gespielt
  • Das Durchschnittsergebnis liegt bei 35 aus 43
Antwortstatistiken
Land höchster Punkt Höhe Kontinent % Korrekt
China Mount Everest 8848 Asien
99%
Nepal Mount Everest 8848 Asien
99%
Indien Kangchendzönga 8586 Asien
96%
Chile Nevado Ojos del Salado 6893 Südamerika
95%
Vereinigte Staaten Denali 6194 Nordamerika
95%
Kanada Mount Logan 5959 Nordamerika
94%
Russland Elbrus 5642 Asien
94%
Schweiz Dufourspitze 4634 Europa
94%
Mexiko Citlaltépetl 5636 Nordamerika
93%
Peru Nevado Huascarán 6768 Südamerika
93%
Frankreich Mont Blanc 4805 Europa
92%
Argentinien Aconcagua 6959 Südamerika
91%
Bolivien Sajama 6542 Südamerika
89%
Kasachstan Khan Tängiri Shyngy 7010 Asien
89%
Kolumbien Pico Cristóbal Colón 5775 Südamerika
89%
Pakistan K2 8611 Asien
89%
Afghanistan Noshak 7485 Asien
87%
Ecuador Chimborazo 6267 Südamerika
87%
Tadschikistan Pik Ismoil Somoni 7495 Asien
85%
Tansania Kibo (Uhuru Peak) 5895 Afrika
85%
Iran Damawand 5604 Asien
84%
Italien Mont Blanc 4805 Europa
84%
Kenia Mount Kenya (Kirinyaga) 5199 Afrika
84%
Kirgisistan Dschengisch Tschokusu 7439 Asien
84%
Bhutan Gangkhar Puensum 7570 Asien
83%
Usbekistan Hazrat Sulton 4643 Asien
83%
Georgien Schchara 5199 Asien
80%
Türkei Ararat 5137 Asien
80%
Venezuela Pico Bolívar 4981 Südamerika
80%
Armenien Aragaz 4090 Asien
79%
Aserbaidschan Bazardüzü 4466 Asien
79%
Demokratische Republik Kongo Margherita Peak 5109 Afrika
79%
Mongolei Chüiten-Gipfel 4374 Asien
78%
Indonesien Carstensz-Pyramide 4884 Australien
75%
Uganda Margherita Peak 5109 Afrika
74%
Myanmar Hkakabo Razi 5881 Asien
69%
Äthiopien Ras Daschän 4533 Afrika
67%
Ruanda Karisimbi 4519 Afrika
65%
Guatemala Tajumulco 4220 Nordamerika
64%
Papua-Neuguinea Mount Wilhelm 4509 Australien
63%
Marokko Toubkal 4165 Afrika
61%
Malaysia Kinabalu 4101 Asien
50%
Kamerun Fako 4095 Afrika
39%
Keine übereinstimmenden Quizze gefunden
Verteilung der Resultate
Anzahl Personen mit jedem Resultat
Perzentil nach korrekt beantworteten Fragen
Ihre Resultats-Entwicklung
Sie haben dieses Quiz noch nicht gespielt